000
00314 a2200085 4500
020
_a
9788197025747
100
_a
Sapre S.D.
_9
211701
245
_a
प्रत्त्येक राष्टभक्ताचे स्वप्न अखंड भारत
260
_b
Bharatiya Vichar Sadhana Pune Prakashan
_c
2024
999
_c
365704
_d
365704